Normale Ansicht
MARC-Ansicht
Eintrag Personenname
001 - Kontrollnummer
- Kontrollfeld: 2335
003 - Kontrollnummer Identifier
- Kontrollfeld:
005 - Datum und Zeit der letzten Transaktion
- Kontrollfeld: 20220208165734.0
008 - Datenelemente mit fester Länge
- Kontrollfeld mit fester Länge: 220208|| aca||aabn | a|a d
040 ## - Katalogisierungsquelle
- Original-Katalogisierungsstelle:
- Übertragungsstelle:
100 ## - Ansetzung - Personenname
- Personenname: Wuermeling, Henric L.
- Datumsangaben in Verbindung mit einem Namen: 1941-
670 ## - Datenquelle
- Quellenangabe: Work cat.: ()57007: Wuermeling, Henric L. 1941- (DE-588)124327168 (DE-627)085788368 (DE-576)163629986 aut, August '39